|
|
|
|
| LEADER |
00829ncm a22002172a 4500 |
| 001 |
001244682 |
| 003 |
CZ BrMZK |
| 005 |
20120831083504.0 |
| 007 |
qu |
| 008 |
120831s1960 xo |||||||||||||||||slo d |
| 040 |
|
|
|a BOA001
|b cze
|
| 072 |
|
7 |
|a 782
|x Divadelní hudba. Opera, opereta, muzikál
|2 Konspekt
|9 9
|
| 100 |
1 |
|
|a Jurovský, Šimon,
|d 1912-1963
|7 xx0011763
|4 cmp
|
| 245 |
1 |
0 |
|a Rytierska balada
|h [hudebnina] :
|b epický balet v 9 obrazoch s prológom : klavírny výťah /
|c Šimon Jurovský ; libreto Margita Figuli
|
| 260 |
|
|
|a Bratislava :
|b Slovenský hudobný fond,
|c [1960?]
|
| 300 |
|
|
|a 285 s.
|
| 700 |
1 |
|
|a Figuli, Margita,
|d 1909-1995
|7 jn19990002255
|4 lbt
|
| 910 |
|
|
|a BOA001
|b Mus4-0502.344
|
| 990 |
|
|
|a MU
|
| 991 |
|
|
|b 201208
|
| 996 |
6 |
|
|b 2619079747
|c Mus4-0502.344
|l MZK
|r Sklad / do 1 hodiny
|n 0
|w 001278671
|u 000010
|a 1
|e BOA001
|j MZK50
|s P
|